000 00570ntaaa2200217 4500
003 01
005 20251027202023.0
008 0714s1973 ag 01
020 _a0311121012
040 _aAR-BaBN
_bspa
_cAR-BaBN
_eaacr
_dRIC
082 _a248.5000 H88m
100 _aHumphrey, Ophelia
245 _aMujeres que testifican
250 _a1 ed.
260 _aEl Paso :
_bCasa Bautista de Publicaciones,
_c1990
300 _a31 p ;
_c28 cm
650 _amujer en la iglesia
_91305
650 _atestimonio
650 _aSociedad femenil misionera
_910447
942 _cBK
999 _c14977
_d14977